[Event "RUS-chT U18"]
[Site "St Petersburg"]
[Date "2015.08.03"]
[Round "3.41"]
[White "Gogin, Maksim"]
[Black "Zaozerskih, Sergey"]
[Result "1-0"]
[WhiteElo "2183"]
[BlackElo "1902"]
[PlyCount "53"]
[EventDate "2015.08.01"]
[EventType "team-swiss"]
[EventRounds "9"]
[EventCountry "RUS"]
[SourceTitle "CBM 167 Extra"]
[Source "ChessBase"]
[SourceDate "2015.09.14"]
[SourceVersion "1"]
[SourceVersionDate "2015.09.14"]
[SourceQuality "1"]
[WhiteTeam "HQ Contemporary"]
[BlackTeam "Perovo II"]
[WhiteTeamCountry "RUS"]
[BlackTeamCountry "RUS"]

1. d4 e6 2. Nf3 b6 3. c4 Bb7 4. g3 f5 5. Bg2 Nf6 6. 0-0 Be7 7. Nc3 0-0 8. d5 exd5 9. Nd4 Ne4 10. Nxd5 c6 11. Nxe7+ Qxe7 12. Qd3 d5 13. cxd5 cxd5 14. Bf4 g5 15. Bxb8 Raxb8 16. Rac1 Qd7 17. Rfd1 Rbc8 18. Rxc8 Qxc8 19. Qa3 a6 20. Bxe4 fxe4 21. Qe7 h6 22. Qd6 Rf7 23. Qxh6 Qd8 24. Qg6+ Rg7 25. Qxg7+ Kxg7 26. Ne6+ Kf7 27. Nxd8+ 1-0